<?xml version="1.0" encoding="UTF-8"?>
<record
    xmlns:xsi="http://www.w3.org/2001/XMLSchema-instance"
    xsi:schemaLocation="http://www.loc.gov/MARC21/slim http://www.loc.gov/standards/marcxml/schema/MARC21slim.xsd"
    xmlns="http://www.loc.gov/MARC21/slim">

  <leader>03272cam a22004094a 4500</leader>
  <controlfield tag="001">317664272</controlfield>
  <controlfield tag="003">OCoLC</controlfield>
  <controlfield tag="005">20150408114107.0</controlfield>
  <controlfield tag="008">090327s2010    enkaf    b    001 0 eng  </controlfield>
  <datafield tag="010" ind1=" " ind2=" ">
    <subfield code="a">2009013026</subfield>
  </datafield>
  <datafield tag="015" ind1=" " ind2=" ">
    <subfield code="a">GBA984277</subfield>
    <subfield code="2">bnb</subfield>
  </datafield>
  <datafield tag="015" ind1=" " ind2=" ">
    <subfield code="a">GBA984277</subfield>
    <subfield code="2">bnb</subfield>
  </datafield>
  <datafield tag="020" ind1=" " ind2=" ">
    <subfield code="a">9780521882316 (hardback)</subfield>
  </datafield>
  <datafield tag="020" ind1=" " ind2=" ">
    <subfield code="a">0521882311 (hardback)</subfield>
  </datafield>
  <datafield tag="035" ind1=" " ind2=" ">
    <subfield code="a">(OCoLC)317664272</subfield>
  </datafield>
  <datafield tag="040" ind1=" " ind2=" ">
    <subfield code="a">DNLM/DLC</subfield>
    <subfield code="c">DLC</subfield>
    <subfield code="d">NLM</subfield>
    <subfield code="d">BTCTA</subfield>
    <subfield code="d">UKM</subfield>
    <subfield code="d">C#P</subfield>
    <subfield code="d">AGL</subfield>
    <subfield code="d">UBY</subfield>
  </datafield>
  <datafield tag="042" ind1=" " ind2=" ">
    <subfield code="a">pcc</subfield>
  </datafield>
  <datafield tag="050" ind1="0" ind2="0">
    <subfield code="a">RB43.8.P64</subfield>
    <subfield code="b">P376 2010</subfield>
  </datafield>
  <datafield tag="060" ind1="0" ind2="0">
    <subfield code="a">2010 A-186</subfield>
  </datafield>
  <datafield tag="060" ind1="1" ind2="0">
    <subfield code="a">QU 450</subfield>
    <subfield code="b">P3485 2010</subfield>
  </datafield>
  <datafield tag="070" ind1="0" ind2=" ">
    <subfield code="a">RB43.8.P64</subfield>
    <subfield code="b">P376 2010</subfield>
  </datafield>
  <datafield tag="082" ind1="0" ind2="0">
    <subfield code="a">572.43</subfield>
    <subfield code="2">22</subfield>
    <subfield code="b">PCR</subfield>
  </datafield>
  <datafield tag="245" ind1="0" ind2="4">
    <subfield code="a">The PCR revolution :</subfield>
    <subfield code="b">basic technologies and applications /</subfield>
    <subfield code="c">edited by Stephen A. Bustin.</subfield>
  </datafield>
  <datafield tag="260" ind1=" " ind2=" ">
    <subfield code="a">Cambridge ;</subfield>
    <subfield code="a">New York :</subfield>
    <subfield code="b">Cambridge University Press,</subfield>
    <subfield code="c">2010.</subfield>
  </datafield>
  <datafield tag="300" ind1=" " ind2=" ">
    <subfield code="a">xviii, 307 p., [16] p. of plates :</subfield>
    <subfield code="b">ill. (some col.) ;</subfield>
    <subfield code="c">27 cm.</subfield>
  </datafield>
  <datafield tag="504" ind1=" " ind2=" ">
    <subfield code="a">Includes bibliographical references and index.</subfield>
  </datafield>
  <datafield tag="505" ind1="0" ind2=" ">
    <subfield code="a">Real-time polymerase chain reaction / Mickey Williams -- Thermostable enzymes used in polymerase chain reaction / Sudip K. Rakshit -- Inventing molecular beacons / Fred Russell Kramer, Salvatore A.E. Marras, and Sanjay Tyagi -- Rapid polymerase chain reaction and melting analysis / Carl T. Wittwer, Randy P. Rasmussen, and Kirk M. Ririe -- Polymerase chain reaction and fluorescence chemistries : deoxyribonucleic acid incarnate / Ben Sowers -- Analysis of microribonucleic acid expression by quantitative real-time polymerase chain reaction / Vladimir Benes ... [et al.] -- Miniaturized polymerase chain reaction for quantitative clinical diagnostics / Melissa Mariani, Lin Chen, and Philip J. Day -- The road from qualitative to quantitative assay : what is next? / Michael W. Pfaffl -- Taking control of the polymerase chain reaction / Tania Nolan, Tanya Novak, and Jim Huggett --</subfield>
  </datafield>
  <datafield tag="505" ind1="0" ind2=" ">
    <subfield code="a">Polymerase chain reaction-based methods for the detection of solid tumor cancer cells for clinical diagnostic and prognostic assays / Susan A. Burchill -- Polymerase chain reaction and infectious diseases / Jim Huggett -- Polymerase chain reaction and respiratory viruses / Ian M. Mackay -- Polymerase chain reaction and severe acute respiratory syndrome / Weijun Chen and Yang Huanming -- The MMR vaccine, measles virus, and autism : a cautionary tale / Stephen A. Bustin -- Noninvasive prenatal diagnosis using cell-free fetal nucleic acids in maternal plasma / Y.M. Dennis Lo -- Polymerase chain reaction-based analyses of nucleic acids from archival material / Ulrich Lehmann -- Microarrays and quantitative real-time reverse transcriptase-polymerase chain reaction / Elisa Wurmbach -- Polymerase chain reaction in the detection of genetic variation / Pui-Yan Kwok -- Polymerase chain reaction : a blessing and a curse for ancient deoxyribonucleic acid research / Michael Hofreiter and Holger R&#xF6;mpler.</subfield>
  </datafield>
  <datafield tag="583" ind1=" " ind2=" ">
    <subfield code="a">cat</subfield>
    <subfield code="c">20100122</subfield>
    <subfield code="k">nsh</subfield>
    <subfield code="5">UPB.</subfield>
  </datafield>
  <datafield tag="650" ind1=" " ind2="0">
    <subfield code="a">Polymerase chain reaction</subfield>
    <subfield code="x">Diagnostic use.</subfield>
    <subfield code="9">19146</subfield>
  </datafield>
  <datafield tag="650" ind1=" " ind2="0">
    <subfield code="a">Polymerase chain reaction.</subfield>
  </datafield>
  <datafield tag="650" ind1="1" ind2="2">
    <subfield code="a">Polymerase Chain Reaction</subfield>
    <subfield code="x">methods.</subfield>
    <subfield code="9">18547</subfield>
  </datafield>
  <datafield tag="650" ind1="2" ind2="2">
    <subfield code="a">Diagnostic Techniques and Procedures.</subfield>
    <subfield code="9">16137</subfield>
  </datafield>
  <datafield tag="650" ind1="2" ind2="2">
    <subfield code="a">Nucleic Acids</subfield>
    <subfield code="x">analysis.</subfield>
    <subfield code="9">19147</subfield>
  </datafield>
  <datafield tag="700" ind1="1" ind2=" ">
    <subfield code="a">Bustin, Stephen A.,</subfield>
    <subfield code="d">1954-</subfield>
    <subfield code="9">19148</subfield>
  </datafield>
  <datafield tag="942" ind1=" " ind2=" ">
    <subfield code="2">ddc</subfield>
    <subfield code="c">DVD</subfield>
  </datafield>
  <datafield tag="999" ind1=" " ind2=" ">
    <subfield code="c">26682</subfield>
    <subfield code="d">261182</subfield>
  </datafield>
  <datafield tag="952" ind1=" " ind2=" ">
    <subfield code="1">0</subfield>
    <subfield code="2">2013-03-10</subfield>
    <subfield code="4">0</subfield>
    <subfield code="7">0</subfield>
    <subfield code="a">572.43 PCR</subfield>
    <subfield code="d">2012-12-29</subfield>
    <subfield code="h">CL</subfield>
    <subfield code="i">00400348</subfield>
    <subfield code="m">CL</subfield>
    <subfield code="r">2013-03-10 00:00:00</subfield>
    <subfield code="t">BOOK</subfield>
    <subfield code="w">ddc</subfield>
    <subfield code="y">0</subfield>
  </datafield>
  <datafield tag="952" ind1=" " ind2=" ">
    <subfield code="1">0</subfield>
    <subfield code="2">2013-03-10</subfield>
    <subfield code="4">0</subfield>
    <subfield code="7">0</subfield>
    <subfield code="a">572.43 PCR</subfield>
    <subfield code="d">2012-12-29</subfield>
    <subfield code="h">CL</subfield>
    <subfield code="i">00400349</subfield>
    <subfield code="m">CL</subfield>
    <subfield code="r">2013-03-10 00:00:00</subfield>
    <subfield code="t">BOOK</subfield>
    <subfield code="w">ddc</subfield>
    <subfield code="y">0</subfield>
  </datafield>
  <datafield tag="952" ind1=" " ind2=" ">
    <subfield code="1">0</subfield>
    <subfield code="2">2013-03-10</subfield>
    <subfield code="4">0</subfield>
    <subfield code="7">0</subfield>
    <subfield code="a">572.43 PCR</subfield>
    <subfield code="d">2013-01-05</subfield>
    <subfield code="h">CL</subfield>
    <subfield code="i">00401530</subfield>
    <subfield code="m">CL</subfield>
    <subfield code="r">2013-03-10 00:00:00</subfield>
    <subfield code="t">BOOK</subfield>
    <subfield code="w">ddc</subfield>
    <subfield code="y">0</subfield>
  </datafield>
  <datafield tag="952" ind1=" " ind2=" ">
    <subfield code="1">0</subfield>
    <subfield code="2">2013-12-13</subfield>
    <subfield code="4">0</subfield>
    <subfield code="7">0</subfield>
    <subfield code="a">572.43 PCR</subfield>
    <subfield code="d">2013-12-13</subfield>
    <subfield code="h">SHM</subfield>
    <subfield code="i">00453479</subfield>
    <subfield code="m">SHM</subfield>
    <subfield code="r">2013-12-13 00:00:00</subfield>
    <subfield code="t">BOOK</subfield>
    <subfield code="w">ddc</subfield>
    <subfield code="y">0</subfield>
  </datafield>
  <datafield tag="952" ind1=" " ind2=" ">
    <subfield code="1">0</subfield>
    <subfield code="2">2013-12-13</subfield>
    <subfield code="4">0</subfield>
    <subfield code="7">0</subfield>
    <subfield code="a">572.43 PCR</subfield>
    <subfield code="d">2013-12-13</subfield>
    <subfield code="h">SHM</subfield>
    <subfield code="i">00453480</subfield>
    <subfield code="m">SHM</subfield>
    <subfield code="r">2013-12-13 00:00:00</subfield>
    <subfield code="t">BOOK</subfield>
    <subfield code="w">ddc</subfield>
    <subfield code="y">0</subfield>
  </datafield>
  <datafield tag="952" ind1=" " ind2=" ">
    <subfield code="1">0</subfield>
    <subfield code="2">2013-12-13</subfield>
    <subfield code="4">0</subfield>
    <subfield code="7">0</subfield>
    <subfield code="a">572.43 PCR</subfield>
    <subfield code="d">2013-12-13</subfield>
    <subfield code="h">SHM</subfield>
    <subfield code="i">00453481</subfield>
    <subfield code="m">SHM</subfield>
    <subfield code="r">2013-12-13 00:00:00</subfield>
    <subfield code="t">BOOK</subfield>
    <subfield code="w">ddc</subfield>
    <subfield code="y">0</subfield>
  </datafield>
  <datafield tag="952" ind1=" " ind2=" ">
    <subfield code="1">0</subfield>
    <subfield code="2">2013-12-13</subfield>
    <subfield code="4">0</subfield>
    <subfield code="7">0</subfield>
    <subfield code="a">572.43 PCR</subfield>
    <subfield code="d">2013-12-13</subfield>
    <subfield code="h">SZM</subfield>
    <subfield code="i">00453482</subfield>
    <subfield code="m">SZM</subfield>
    <subfield code="r">2013-12-13 00:00:00</subfield>
    <subfield code="t">BOOK</subfield>
    <subfield code="w">ddc</subfield>
    <subfield code="y">0</subfield>
  </datafield>
  <datafield tag="952" ind1=" " ind2=" ">
    <subfield code="1">0</subfield>
    <subfield code="2">2013-12-13</subfield>
    <subfield code="4">0</subfield>
    <subfield code="7">0</subfield>
    <subfield code="a">572.43 PCR</subfield>
    <subfield code="d">2013-12-13</subfield>
    <subfield code="h">SZM</subfield>
    <subfield code="i">00453483</subfield>
    <subfield code="m">SZM</subfield>
    <subfield code="r">2013-12-13 00:00:00</subfield>
    <subfield code="t">BOOK</subfield>
    <subfield code="w">ddc</subfield>
    <subfield code="y">0</subfield>
  </datafield>
  <datafield tag="952" ind1=" " ind2=" ">
    <subfield code="1">0</subfield>
    <subfield code="2">2013-12-13</subfield>
    <subfield code="4">0</subfield>
    <subfield code="7">0</subfield>
    <subfield code="a">572.43 PCR</subfield>
    <subfield code="d">2013-12-13</subfield>
    <subfield code="h">SZM</subfield>
    <subfield code="i">00453484</subfield>
    <subfield code="m">SZM</subfield>
    <subfield code="r">2013-12-13 00:00:00</subfield>
    <subfield code="t">BOOK</subfield>
    <subfield code="w">ddc</subfield>
    <subfield code="y">0</subfield>
  </datafield>
</record>
